000 00823nam a22002417a 4500
003 UA-OsUOA
001 71532
007 ta
008 20101118b un ||||| |||| 00| 0 ukr d
100 _aТуленков М. В.
090 _a316.3:331.108
_bТ82
942 _cBK
040 _aUA-OsUOA
_bukr
_cUA-OsUOA
_dUA-OsUOA
245 _aТеоретико-методологічні основи організаційної взаємодії в соціальному управлінні
_bмонографія
300 _a512 с.
955 _a1
041 _aukr
080 _a316.3:331.108
020 _a978-966-8019-89-0
260 _aК.
_bКаравела
_c2009
650 7 _a316.3 Соціальна структура. Суспільство як соціальна система
_2UDC
999 _c357820
_d357820